=LDR 00000nam 2200000 4500 =001 INLIS000000000046923 =005 20150604143914.0 =006 =007 =008 =035 ##$$0010-061500000000012 =082 ##$$a 372.35 =090 ##$$a 372.35 kam p.2 =100 ##$$achirtina m m =245 ##$$a percobaan sains =260 ##$$a ganeca exact =300 ##$$a hln. 58 =850 ##$$a NPBMAT =990 ##$$a 0261/BPAP-NTB/2015